00261nam a22000977a 4500008004100000082002100041245004800062260003600110300000900146440000800155230703b xxu||||| |||| 00| 0 eng d a342.16bIPU 2000 aConstitutional & Parliamentary Information  bInter-Parliamentary Unionc2000 a260p n180